The evolution of communication

Đã lưu trong:
书目详细资料
主要作者: MARC D. HAUSER
格式: 图书
语言:Undetermined
出版: Cambridge, MA The MIT Press 1997
主题:
标签: 添加标签
没有标签, 成为第一个标记此记录!
Thư viện lưu trữ: Trung tâm Học liệu Trường Đại học Cần Thơ
LEADER 00455nam a2200169Ia 4500
001 CTU_50415
008 210402s9999 xx 000 0 und d
082 |a 591.59 
082 |b H376 
100 |a MARC D. HAUSER 
245 4 |a The evolution of communication 
245 0 |c MARC D. HAUSER 
260 |a Cambridge, MA 
260 |b The MIT Press 
260 |c 1997 
650 |a animal communication 
980 |a Trung tâm Học liệu Trường Đại học Cần Thơ